| 000 | 00441nam a22001697a 4500 | ||
|---|---|---|---|
| 003 | MPLRDC | ||
| 005 | 20220104142457.0 | ||
| 008 | 210129b ||||| |||| 00| 0 eng d | ||
| 082 | _a177.2 CCL | ||
| 100 | _a曹淳亮、谭启泰主编 | ||
| 245 |
_a赢的策略888 _c |
||
| 260 |
_a _b科学普及出版社 _c |
||
| 300 | _b平 | ||
| 490 | _a南风窗精华丛书之一 | ||
| 650 | _a应用心理学--成功法 | ||
| 942 |
_cBK _o177.2 CCL |
||
| 999 |
_c31210 _d31200 |
||